[Event "HUN-chT2 Breyer 1617"]
[Site "Hungary"]
[Date "2016.10.30"]
[Round "1.4"]
[White "Ikanov, Imre"]
[Black "Ruby, Tamas"]
[Result "1-0"]
[WhiteElo "2028"]
[BlackElo "2128"]
[PlyCount "97"]
[EventDate "2016.10.30"]
[EventType "team-tourn"]
[EventRounds "9"]
[EventCountry "HUN"]
[SourceTitle "EXT 2021"]
[Source "ChessBase"]
[SourceDate "2020.10.23"]
[SourceVersion "1"]
[SourceVersionDate "2020.10.23"]
[SourceQuality "1"]
[WhiteTeam "Nyergesujfalu"]
[BlackTeam "Paty"]
[WhiteTeamCountry "HUN"]
[BlackTeamCountry "HUN"]

1. e4 c5 2. Nc3 Nc6 3. f4 e6 4. Nf3 d5 5. d3 dxe4 6. dxe4 Qxd1+ 7. Nxd1 Nb4 8. Bb5+ Bd7 9. Bxd7+ Kxd7 10. Ne3 Bd6 11. a3 Nc6 12. Nc4 Rd8 13. Be3 b6 14. 0-0-0 Kc7 15. Nxd6 Rxd6 16. Ng5 Rxd1+ 17. Rxd1 Nh6 18. h3 Rd8 19. g4 Rxd1+ 20. Kxd1 Kd6 21. Nxh7 f5 22. gxf5 exf5 23. e5+ Kd5 24. Ng5 Ng8 25. b3 b5 26. Kd2 Nge7 27. Kd3 Na5 28. Kc3 Nac6 29. b4 c4 30. Kd2 a6 31. c3 Ng6 32. Ke2 Nd8 33. Kf3 Ne6 34. Nf7 Nh4+ 35. Kg3 Ke4 36. Ng5+ Kxe3 37. Nxe6 Ng6 38. Nxg7 Nxf4 39. Nxf5+ Ke4 40. Nd4 Kxe5 41. h4 Nd5 42. Ne2 Ke4 43. h5 Ne3 44. Nf4 Kf5 45. Kf3 Ng4 46. Nd5 Kg5 47. Nc7 Nf6 48. Ke3 Nxh5 49. Nxa6 1-0